La Administracin̤ Digital

Bibliographic Details
Main Author: Cerrillo i Martn̕ez, Agust̕
Other Authors: Castillo Ramos-Bossini, Susana E.
Format: eBook
Language:Spanish
Published: Madrid: Dykinson, 2022
Subjects:
Online Access:Acceso restringido

MARC

LEADER 00000nam a22000007a 4500
005 20220801224042.0
007 cr|||| ||||
008 220801s2022 es |||||s|||| 00||0 spa d
020 |a 978-84-1122-217-4 
035 |a 36493 
040 |a vLex 
090 |c 13659  |d 13659 
100 1 |a Cerrillo i Martn̕ez, Agust̕ 
245 1 2 |a La Administracin̤ Digital  |h [Recurso electrn̤ico] /  |c Agust ̕Cerrillo i Martn̕ez, Susana E. Castillo Ramos-Bossini 
256 |a Servicio en ln̕ea 
260 |a Madrid:  |b Dykinson,  |c 2022 
300 |a 1 recurso electrn̤ico 
500 |a El objeto de este libro es la administracin̤ digital. La administracin̤ digital surge de la transformacin̤ digital de la Administracin̤ pb︢lica que implica la innovacin̤ a travš del empleo de medios electrn̤icos, en especial, tecnologa̕s disruptivas como la inteligencia artificial o las cadenas de bloques y persigue la apertura a la ciudadana̕, el uso inteligente de los datos y la generacin̤ de valor. 
506 1 |a Disponible solo en los productos indicados  |d vLex Global  |d vLex Global (Academic Edition, excluding Law Schools)  |d vLex Global (U.S. Academic Edition, Law Schools)  |d vLex Global (U.S. Academic Edition, excluding Law Schools)  |d vLex Global (Academic Edition, Law Schools) 
650 0 4 |a Derecho Pb︢lico y Administrativo  |z Espaą 
650 0 4 |a Derecho de las Nuevas Tecnologa̕s  |z Espaą 
700 1 |a Castillo Ramos-Bossini, Susana E. 
740 0 |a vLex Libros (Servicio en ln̕ea) 
856 4 0 |u https://app.vlex.com/#/sources/36493  |z Acceso restringido 
942 |c BOOK 
999 0 |a Public and Administrative Law 
999 0 |a Law of New Technologies